[Event "DVM U12 2022"]
[Site "München GER"]
[Date "2022.12.27"]
[Round "1"]
[White "Mandalka, Justus"]
[Black "Roos Nazario, Valentin"]
[Result "1-0"]
[Termination "normal"]
[Board "8.1"]
[WhiteElo "1484"]
[BlackElo "1196"]
[WhiteClock "00:13:09"]
[BlackClock "00:37:53"]
[WhiteTeam "SK Bad Homburg 1927"]
[BlackTeam "TTC Grün-Weiß Fritzdorf 1958"]
[PlyCount "87"]
[WhiteFideId "16298144"]
[BlackFideId "16295722"]
[EventCountry "GER"]
[EventRounds "7"]
[EventType "team-swiss"]
[EventDate "2022.12.26"]

1. e4 {[%clk 01:30:58]} {[%emt 00:00:02]} c5 {[%clk 01:30:53]} {[%emt
00:00:07]} 2. Nf3 {[%clk 01:31:19]} {[%emt 00:00:09]} d6 {[%emt 00:00:07]} 3.
d4 {[%emt 00:00:12]} cxd4 {[%clk 01:31:27]} {[%emt 00:00:19]} 4. Nxd4 {[%clk
01:32:02]} {[%emt 00:00:04]} Nf6 {[%clk 01:31:45]} {[%emt 00:00:12]} 5. Nc3
{[%emt 00:00:11]} g6 {[%emt 00:00:35]} 6. Be3 {[%emt 00:00:21]} Bg7 {[%emt
00:00:09]} 7. Be2 {[%clk 01:32:27]} {[%emt 00:00:31]} Nc6 {[%clk 01:32:23]}
{[%emt 00:00:10]} 8. O-O {[%clk 01:31:55]} {[%emt 00:01:03]} O-O {[%clk
01:31:49]} {[%emt 00:01:04]} 9. Qd2 {[%clk 01:25:45]} {[%emt 00:06:39]} Bd7
{[%clk 01:29:24]} {[%emt 00:02:55]} 10. h3 {[%clk 01:25:02]} {[%emt 00:01:13]}
h5 {[%clk 01:26:15]} {[%emt 00:03:39]} 11. Rad1 {[%clk 01:15:52]} {[%emt
00:09:40]} Qc8 {[%clk 01:22:40]} {[%emt 00:04:05]} 12. Bf3 {[%clk 01:02:42]}
{[%emt 00:13:40]} Ne5 {[%clk 01:18:00]} {[%emt 00:05:10]} 13. Kh2 {[%clk
00:57:52]} {[%emt 00:05:20]} Kh7 {[%clk 01:06:31]} {[%emt 00:12:00]} 14. Rh1
{[%clk 00:55:54]} {[%emt 00:02:27]} Rh8 {[%clk 01:06:13]} {[%emt 00:00:47]} 15.
Kg1 {[%clk 00:53:38]} {[%emt 00:02:47]} Kg8 {[%clk 01:06:25]} {[%emt 00:00:18]}
16. Bg5 {[%clk 00:51:52]} {[%emt 00:02:16]} a6 {[%clk 00:54:11]} {[%emt
00:12:44]} 17. Bxf6 {[%clk 00:51:40]} {[%emt 00:00:41]} Bxf6 {[%clk 00:53:20]}
{[%emt 00:01:22]} 18. Nd5 {[%clk 00:51:47]} {[%emt 00:00:24]} Nc4 {[%clk
00:53:29]} {[%emt 00:00:20]} 19. Nxf6 {[%clk 00:48:56]} {[%emt 00:03:22]} exf6
{[%clk 00:53:51]} {[%emt 00:00:08]} 20. Qc1 {[%clk 00:48:32]} {[%emt 00:00:54]}
Ne5 {[%clk 00:51:04]} {[%emt 00:03:16]} 21. Be2 {[%clk 00:41:56]} {[%emt
00:07:06]} Qc7 {[%clk 00:48:00]} {[%emt 00:03:34]} 22. f4 {[%clk 00:40:57]}
{[%emt 00:01:28]} Nc6 {[%clk 00:48:06]} {[%emt 00:00:25]} 23. Bf3 {[%clk
00:39:22]} {[%emt 00:02:05]} Rc8 {[%clk 00:46:16]} {[%emt 00:02:19]} 24. Nxc6
{[%clk 00:39:14]} {[%emt 00:00:39]} Qxc6 {[%clk 00:45:23]} {[%emt 00:01:23]}
25. c3 {[%clk 00:39:05]} {[%emt 00:00:39]} Be6 {[%clk 00:45:33]} {[%emt
00:00:18]} 26. Kh2 {[%clk 00:38:44]} {[%emt 00:00:52]} Qb6 {[%clk 00:43:17]}
{[%emt 00:02:47]} 27. a3 {[%clk 00:37:30]} {[%emt 00:01:45]} Kg7 {[%clk
00:41:35]} {[%emt 00:02:12]} 28. Rd4 {[%clk 00:35:54]} {[%emt 00:02:06]} Rhd8
{[%clk 00:40:58]} {[%emt 00:01:07]} 29. Rhd1 {[%clk 00:34:03]} {[%emt
00:02:21]} Rc7 {[%clk 00:41:01]} {[%emt 00:00:27]} 30. Qd2 {[%clk 00:32:52]}
{[%emt 00:01:40]} Rcd7 {[%clk 00:41:18]} {[%emt 00:00:13]} 31. f5 {[%clk
00:23:18]} {[%emt 00:10:04]} Bb3 {[%clk 00:39:10]} {[%emt 00:02:38]} 32. Rg1
{[%clk 00:22:12]} {[%emt 00:01:35]} Qc7 {[%clk 00:39:10]} {[%emt 00:00:29]} 33.
Kh1 {[%clk 00:20:51]} {[%emt 00:01:52]} Rh8 {[%clk 00:38:41]} {[%emt 00:00:58]}
34. g4 {[%clk 00:16:10]} {[%emt 00:05:12]} hxg4 {[%clk 00:38:11]} {[%emt
00:01:00]} 35. Bxg4 {[%clk 00:16:35]} {[%emt 00:00:05]} g5 {[%clk 00:38:00]}
{[%emt 00:00:41]} 36. e5 {[%clk 00:14:28]} {[%emt 00:02:37]} d5 {[%clk
00:36:42]} {[%emt 00:01:48]} 37. exf6 {[%clk 00:12:42]} {[%emt 00:02:16]} Kxf6
{[%clk 00:36:49]} {[%emt 00:00:23]} 38. Rb4 {[%clk 00:11:51]} {[%emt 00:01:21]}
Bc4 {[%clk 00:37:02]} {[%emt 00:00:16]} 39. Qd4 {[%clk 00:12:17]} {[%emt
00:00:05]} Qe5 {[%clk 00:37:10]} {[%emt 00:00:23]} 40. Rxc4 {[%clk 00:12:40]}
{[%emt 00:00:06]} dxc4 {[%clk 00:37:24]} {[%emt 00:00:16]} 41. Qxd7 {[%clk
00:13:04]} {[%emt 00:00:06]} Qe4 {[%clk 00:37:32]} {[%emt 00:00:20]} 42. Rg2
{[%clk 00:12:22]} {[%emt 00:01:14]} Qe1 {[%clk 00:37:29]} {[%emt 00:00:33]} 43.
Kh2 {[%clk 00:12:44]} {[%emt 00:00:07]} Qe5 {[%clk 00:37:53]} {[%emt 00:00:07]}
44. Rg3 {[%clk 00:13:09]} {[%emt 00:00:05]} 1-0

[Event "DVM U12 2022"]
[Site "München GER"]
[Date "2022.12.27"]
[Round "1"]
[White "Geschke, David"]
[Black "Glavev, Danail"]
[Result "0-1"]
[Termination "normal"]
[Board "8.2"]
[WhiteElo "1418"]
[BlackElo "1435"]
[WhiteClock "00:46:43"]
[BlackClock "00:25:52"]
[WhiteTeam "TTC Grün-Weiß Fritzdorf 1958"]
[BlackTeam "SK Bad Homburg 1927"]
[PlyCount "76"]
[WhiteFideId "34619658"]
[BlackFideId "34610995"]
[EventCountry "GER"]
[EventRounds "7"]
[EventType "team-swiss"]
[EventDate "2022.12.26"]

1. d4 {[%clk 01:30:46]} {[%emt 00:00:14]} d5 {[%clk 01:30:46]} {[%emt
00:00:14]} 2. c4 {[%clk 01:31:10]} {[%emt 00:00:06]} e6 {[%clk 01:31:01]}
{[%emt 00:00:15]} 3. Nc3 {[%clk 01:31:32]} {[%emt 00:00:07]} Nf6 {[%clk
01:31:20]} {[%emt 00:00:12]} 4. Bg5 {[%clk 01:31:55]} {[%emt 00:00:07]} Be7
{[%clk 01:30:32]} {[%emt 00:01:17]} 5. Nf3 {[%clk 01:32:10]} {[%emt 00:00:15]}
h6 {[%clk 01:30:26]} {[%emt 00:00:36]} 6. Bh4 {[%clk 01:32:30]} {[%emt
00:00:10]} O-O {[%clk 01:29:47]} {[%emt 00:01:09]} 7. e3 {[%clk 01:32:42]}
{[%emt 00:00:18]} b6 {[%clk 01:26:39]} {[%emt 00:03:39]} 8. Bd3 {[%clk
01:33:01]} {[%emt 00:00:10]} Bb7 {[%clk 01:26:23]} {[%emt 00:00:46]} 9. O-O
{[%clk 01:32:41]} {[%emt 00:00:50]} Nbd7 {[%clk 01:22:20]} {[%emt 00:04:34]}
10. Rc1 {[%clk 01:32:54]} {[%emt 00:00:16]} Rc8 {[%clk 01:22:01]} {[%emt
00:00:50]} 11. Bg3 {[%clk 01:29:41]} {[%emt 00:03:42]} c5 {[%clk 01:17:45]}
{[%emt 00:04:46]} 12. Nb5 {[%clk 01:25:18]} {[%emt 00:04:53]} a6 {[%clk
01:16:11]} {[%emt 00:02:02]} 13. Nd6 {[%clk 01:24:57]} {[%emt 00:00:52]} Rb8
{[%clk 01:10:26]} {[%emt 00:06:16]} 14. Qa4 {[%clk 01:24:16]} {[%emt 00:01:10]}
a5 {[%clk 01:09:31]} {[%emt 00:01:25]} 15. cxd5 {[%clk 01:15:06]} {[%emt
00:09:41]} Bxd5 {[%clk 01:07:41]} {[%emt 00:02:19]} 16. e4 {[%clk 01:14:48]}
{[%emt 00:00:49]} Bb7 {[%clk 01:07:01]} {[%emt 00:01:09]} 17. e5 {[%clk
01:14:09]} {[%emt 00:01:10]} Nh5 {[%clk 01:06:56]} {[%emt 00:00:34]} 18. Bb5
{[%clk 01:14:18]} {[%emt 00:00:22]} Nxg3 {[%clk 01:07:04]} {[%emt 00:00:22]}
19. fxg3 {[%clk 01:13:10]} {[%emt 00:01:38]} Bxd6 {[%clk 01:07:16]} {[%emt
00:00:18]} 20. exd6 {[%clk 01:13:16]} {[%emt 00:00:25]} Bxf3 {[%clk 01:06:56]}
{[%emt 00:00:49]} 21. Rxf3 {[%clk 01:13:25]} {[%emt 00:00:21]} Nf6 {[%clk
01:07:12]} {[%emt 00:00:14]} 22. dxc5 {[%clk 01:13:01]} {[%emt 00:00:54]} bxc5
{[%clk 01:07:25]} {[%emt 00:00:17]} 23. Rd1 {[%clk 01:02:27]} {[%emt 00:11:01]}
Qb6 {[%clk 01:02:21]} {[%emt 00:05:36]} 24. Bf1 {[%clk 01:02:28]} {[%emt
00:00:30]} Rfd8 {[%clk 01:02:06]} {[%emt 00:00:43]} 25. Qf4 {[%clk 00:59:31]}
{[%emt 00:03:25]} Rb7 {[%clk 00:59:24]} {[%emt 00:03:15]} 26. Bc4 {[%clk
00:58:01]} {[%emt 00:01:58]} Qxb2 {[%clk 00:53:08]} {[%emt 00:06:49]} 27. Rff1
{[%clk 00:52:58]} {[%emt 00:05:31]} Rbd7 {[%clk 00:45:59]} {[%emt 00:07:38]}
28. Rd2 {[%clk 00:51:57]} {[%emt 00:01:31]} Qb6 {[%clk 00:43:07]} {[%emt
00:03:22]} 29. Rfd1 {[%clk 00:51:07]} {[%emt 00:01:22]} Ne8 {[%clk 00:38:43]}
{[%emt 00:04:55]} 30. Rf1 {[%clk 00:50:12]} {[%emt 00:01:24]} Nxd6 {[%clk
00:36:54]} {[%emt 00:02:20]} 31. Bb3 {[%clk 00:47:17]} {[%emt 00:03:25]} c4
{[%clk 00:36:48]} {[%emt 00:00:36]} 32. Kh1 {[%clk 00:46:37]} {[%emt 00:01:10]}
cxb3 {[%clk 00:36:52]} {[%emt 00:00:26]} 33. axb3 {[%clk 00:46:55]} {[%emt
00:00:12]} Nf5 {[%clk 00:37:01]} {[%emt 00:00:21]} 34. Rdf2 {[%clk 00:46:47]}
{[%emt 00:00:34]} Qe3 {[%clk 00:35:29]} {[%emt 00:02:04]} 35. Qg4 {[%clk
00:46:26]} {[%emt 00:00:47]} Qxf2 {[%clk 00:25:54]} {[%emt 00:10:16]} 36. Rg1
{[%clk 00:46:11]} {[%emt 00:00:45]} Rd4 {[%clk 00:25:53]} {[%emt 00:00:31]} 37.
Qh5 {[%clk 00:46:27]} {[%emt 00:00:12]} g6 {[%clk 00:25:52]} {[%emt 00:00:32]}
38. Qh3 {[%clk 00:46:43]} {[%emt 00:00:14]} Rd1 {[%emt 00:00:46]} 0-1

[Event "DVM U12 2022"]
[Site "München GER"]
[Date "2022.12.27"]
[Round "1"]
[White "Pflugbeil, Julian"]
[Black "Geschke, Jonathan"]
[Result "1-0"]
[Termination "normal"]
[Board "8.3"]
[WhiteElo "1214"]
[BlackElo "1151"]
[WhiteClock "01:28:07"]
[BlackClock "00:50:43"]
[WhiteTeam "SK Bad Homburg 1927"]
[BlackTeam "TTC Grün-Weiß Fritzdorf 1958"]
[PlyCount "65"]
[WhiteFideId "34608850"]
[BlackFideId "34636129"]
[EventCountry "GER"]
[EventRounds "7"]
[EventType "team-swiss"]
[EventDate "2022.12.26"]

1. e4 {[%clk 01:30:58]} {[%emt 00:00:01]} e5 {[%clk 01:30:43]} {[%emt
00:00:18]} 2. Nf3 {[%clk 01:31:23]} {[%emt 00:00:04]} Nc6 {[%clk 01:30:49]}
{[%emt 00:00:24]} 3. Bc4 {[%clk 01:31:47]} {[%emt 00:00:05]} Bc5 {[%clk
01:30:47]} {[%emt 00:00:34]} 4. O-O {[%clk 01:32:09]} {[%emt 00:00:07]} Nf6
{[%clk 01:30:37]} {[%emt 00:00:40]} 5. Nc3 {[%clk 01:32:30]} {[%emt 00:00:09]}
d6 {[%clk 01:30:30]} {[%emt 00:00:37]} 6. d3 {[%clk 01:32:37]} {[%emt
00:00:24]} h6 {[%clk 01:30:22]} {[%emt 00:00:37]} 7. Be3 {[%clk 01:33:01]}
{[%emt 00:00:06]} Bb6 {[%clk 01:29:29]} {[%emt 00:01:24]} 8. a4 {[%clk
01:33:06]} {[%emt 00:00:24]} a5 {[%clk 01:27:54]} {[%emt 00:02:05]} 9. Qd2
{[%clk 01:33:12]} {[%emt 00:00:24]} Bg4 {[%clk 01:27:06]} {[%emt 00:01:18]} 10.
Bxb6 {[%clk 01:32:57]} {[%emt 00:00:46]} cxb6 {[%clk 01:25:59]} {[%emt
00:01:37]} 11. Qe3 {[%clk 01:33:00]} {[%emt 00:00:26]} Bxf3 {[%clk 01:26:01]}
{[%emt 00:00:28]} 12. Qxf3 {[%clk 01:33:05]} {[%emt 00:00:25]} Nd4 {[%clk
01:26:04]} {[%emt 00:00:27]} 13. Qd1 {[%clk 01:33:27]} {[%emt 00:00:07]} O-O
{[%clk 01:26:05]} {[%emt 00:00:30]} 14. f4 {[%clk 01:33:38]} {[%emt 00:00:19]}
Qc7 {[%clk 01:24:13]} {[%emt 00:02:22]} 15. Rf2 {[%clk 01:32:29]} {[%emt
00:01:40]} Qc5 {[%clk 01:21:11]} {[%emt 00:03:32]} 16. f5 {[%clk 01:31:37]}
{[%emt 00:01:22]} Nc6 {[%clk 01:19:40]} {[%emt 00:02:00]} 17. h3 {[%clk
01:30:08]} {[%emt 00:02:00]} Nb4 {[%clk 01:18:18]} {[%emt 00:01:52]} 18. Qd2
{[%clk 01:29:23]} {[%emt 00:01:11]} Nh5 {[%clk 01:16:24]} {[%emt 00:02:26]} 19.
Re1 {[%clk 01:27:45]} {[%emt 00:02:10]} Nf4 {[%clk 01:16:07]} {[%emt 00:00:47]}
20. Kh2 {[%clk 01:26:48]} {[%emt 00:01:27]} Rad8 {[%clk 01:09:38]} {[%emt
00:06:58]} 21. f6 {[%clk 01:27:08]} {[%emt 00:00:10]} Ng6 {[%clk 01:05:01]}
{[%emt 00:05:06]} 22. Ref1 {[%clk 01:27:23]} {[%emt 00:00:15]} Rd7 {[%clk
01:01:34]} {[%emt 00:03:56]} 23. fxg7 {[%clk 01:26:13]} {[%emt 00:01:41]} Kxg7
{[%clk 01:01:41]} {[%emt 00:00:24]} 24. Qe2 {[%clk 01:26:01]} {[%emt 00:00:42]}
Nc6 {[%clk 01:00:45]} {[%emt 00:01:26]} 25. h4 {[%clk 01:26:17]} {[%emt
00:00:14]} Nd4 {[%clk 00:59:31]} {[%emt 00:01:44]} 26. Qg4 {[%clk 01:26:37]}
{[%emt 00:00:10]} h5 {[%clk 00:54:56]} {[%emt 00:05:04]} 27. Qxd7 {[%emt
00:00:33]} Nxh4 {[%emt 00:02:20]} 28. Rxf7 {[%clk 01:26:37]} {[%emt 00:00:28]}
Rxf7 {[%clk 00:51:20]} {[%emt 00:02:16]} 29. Qxf7 {[%clk 01:26:59]} {[%emt
00:00:09]} Kh6 {[%clk 00:50:27]} {[%emt 00:01:22]} 30. Rf6 {[%clk 01:27:23]}
{[%emt 00:00:06]} Kg5 {[%clk 00:50:38]} {[%emt 00:00:18]} 31. Qg7 {[%clk
01:27:47]} {[%emt 00:00:07]} Ng6 {[%clk 00:50:43]} {[%emt 00:00:24]} 32. Qxg6
{[%emt 00:00:22]} Kh4 {[%clk 00:50:43]} {[%emt 00:00:12]} 33. g3# {[%clk
01:28:07]} {[%emt 00:00:03]} 1-0

[Event "DVM U12 2022"]
[Site "München GER"]
[Date "2022.12.27"]
[Round "1"]
[White "Mende, Magnus"]
[Black "Li, Xiao Teng"]
[Result "1/2-1/2"]
[Termination "normal"]
[Board "8.4"]
[WhiteElo "915"]
[BlackElo "1293"]
[WhiteClock "01:15:11"]
[BlackClock "01:00:34"]
[WhiteTeam "TTC Grün-Weiß Fritzdorf 1958"]
[BlackTeam "SK Bad Homburg 1927"]
[PlyCount "51"]
[WhiteFideId "34617124"]
[BlackFideId "34611053"]
[EventCountry "GER"]
[EventRounds "7"]
[EventType "team-swiss"]
[EventDate "2022.12.26"]

1. e4 {[%clk 01:30:49]} {[%emt 00:00:05]} e5 {[%clk 01:30:53]} {[%emt
00:00:13]} 2. Bc4 {[%clk 01:30:44]} {[%emt 00:00:35]} Nf6 {[%clk 01:30:46]}
{[%emt 00:00:37]} 3. Nc3 {[%clk 01:30:15]} {[%emt 00:00:59]} Nc6 {[%emt
00:01:06]} 4. d3 {[%clk 01:30:05]} {[%emt 00:00:36]} Be7 {[%clk 01:29:24]}
{[%emt 00:01:19]} 5. Nf3 {[%clk 01:29:55]} {[%emt 00:00:40]} d6 {[%clk
01:29:42]} {[%emt 00:00:13]} 6. h3 {[%clk 01:30:02]} {[%emt 00:00:23]} O-O
{[%clk 01:29:22]} {[%emt 00:00:50]} 7. Bg5 {[%clk 01:29:09]} {[%emt 00:01:22]}
h6 {[%clk 01:28:27]} {[%emt 00:01:27]} 8. Bh4 {[%clk 01:29:02]} {[%emt
00:00:37]} Be6 {[%clk 01:26:22]} {[%emt 00:02:35]} 9. Bb3 {[%clk 01:27:35]}
{[%emt 00:01:56]} Qd7 {[%clk 01:22:15]} {[%emt 00:04:37]} 10. Qd2 {[%clk
01:23:57]} {[%emt 00:04:07]} d5 {[%clk 01:17:59]} {[%emt 00:04:47]} 11. Bxf6
{[%clk 01:22:37]} {[%emt 00:01:50]} d4 {[%clk 01:10:35]} {[%emt 00:07:55]} 12.
Bxe7 {[%clk 01:21:05]} {[%emt 00:02:01]} dxc3 {[%clk 01:10:52]} {[%emt
00:00:13]} 13. Qxc3 {[%clk 01:21:21]} {[%emt 00:00:13]} Qxe7 {[%clk 01:10:33]}
{[%emt 00:00:50]} 14. Nxe5 {[%clk 01:21:35]} {[%emt 00:00:16]} Bxb3 {[%clk
01:08:20]} {[%emt 00:02:43]} 15. Nxc6 {[%clk 01:21:49]} {[%emt 00:00:15]} bxc6
{[%clk 01:07:38]} {[%emt 00:01:13]} 16. Qxb3 {[%clk 01:22:12]} {[%emt
00:00:07]} Rab8 {[%clk 01:07:52]} {[%emt 00:00:17]} 17. Qa3 {[%clk 01:22:16]}
{[%emt 00:00:25]} Qe5 {[%clk 01:06:51]} {[%emt 00:01:31]} 18. Qc3 {[%clk
01:21:35]} {[%emt 00:01:11]} Qg5 {[%clk 01:05:22]} {[%emt 00:01:59]} 19. Kf1
{[%clk 01:21:13]} {[%emt 00:00:53]} Qg6 {[%clk 01:05:10]} {[%emt 00:00:42]} 20.
Rb1 {[%clk 01:20:54]} {[%emt 00:00:46]} Rfe8 {[%clk 01:03:41]} {[%emt
00:02:01]} 21. f4 {[%clk 01:19:48]} {[%emt 00:01:35]} Qg3 {[%clk 01:02:21]}
{[%emt 00:01:50]} 22. f5 {[%clk 01:18:51]} {[%emt 00:01:27]} Rxe4 {[%clk
01:02:10]} {[%emt 00:00:41]} 23. b3 {[%clk 01:17:35]} {[%emt 00:01:46]} Qf4
{[%clk 01:01:04]} {[%emt 00:01:36]} 24. Kg1 {[%clk 01:17:23]} {[%emt 00:00:41]}
Qe3 {[%clk 01:00:53]} {[%emt 00:00:41]} 25. Kh2 {[%clk 01:16:22]} {[%emt
00:01:31]} Qf4 {[%clk 01:00:34]} {[%emt 00:00:49]} 26. Kg1 {[%clk 01:15:11]}
{[%emt 00:00:49]} 1/2-1/2

[Event "DVM U12 2022"]
[Site "München GER"]
[Date "2022.12.27"]
[Round "1"]
[White "Madel, Luca"]
[Black "Klein, Levent"]
[Result "1/2-1/2"]
[Termination "normal"]
[Board "9.1"]
[WhiteElo "1104"]
[BlackElo "1584"]
[WhiteClock "01:30:22"]
[BlackClock "00:23:40"]
[WhiteTeam "Barnimer Schachfreunde im SV Stahl Finow"]
[BlackTeam "SG Kaiserslautern 1905"]
[PlyCount "110"]
[WhiteFideId "16296516"]
[BlackFideId "34611274"]
[EventCountry "GER"]
[EventRounds "7"]
[EventType "team-swiss"]
[EventDate "2022.12.26"]

1. d4 {[%clk 01:30:56]} {[%emt 00:00:03]} e6 {[%clk 01:30:46]} {[%emt
00:00:16]} 2. Bf4 {[%clk 01:31:05]} {[%emt 00:00:20]} d5 {[%clk 01:29:50]}
{[%emt 00:01:27]} 3. Nf3 {[%clk 01:31:15]} {[%emt 00:00:19]} Bd6 {[%clk
01:27:32]} {[%emt 00:02:48]} 4. Bg3 {[%clk 01:31:06]} {[%emt 00:00:38]} Ne7
{[%clk 01:23:47]} {[%emt 00:04:16]} 5. e3 {[%clk 01:30:10]} {[%emt 00:01:26]}
c5 {[%clk 01:21:43]} {[%emt 00:02:35]} 6. c3 {[%clk 01:29:54]} {[%emt
00:00:45]} Nbc6 {[%clk 01:12:52]} {[%emt 00:09:22]} 7. Bd3 {[%clk 01:28:49]}
{[%emt 00:01:32]} Qc7 {[%clk 01:10:39]} {[%emt 00:02:46]} 8. O-O {[%clk
01:27:35]} {[%emt 00:01:43]} Ng6 {[%clk 01:03:55]} {[%emt 00:07:15]} 9. dxc5
{[%clk 01:25:52]} {[%emt 00:02:13]} Bxg3 {[%clk 01:03:08]} {[%emt 00:01:17]}
10. hxg3 {[%clk 01:26:03]} {[%emt 00:00:18]} Nce5 {[%clk 00:59:29]} {[%emt
00:04:09]} 11. Nxe5 {[%clk 01:24:27]} {[%emt 00:02:05]} Nxe5 {[%clk 00:59:39]}
{[%emt 00:00:20]} 12. Bb5 {[%clk 01:23:58]} {[%emt 00:00:59]} Bd7 {[%clk
00:59:32]} {[%emt 00:00:38]} 13. Bxd7 {[%clk 01:23:19]} {[%emt 00:01:07]} Nxd7
{[%clk 00:59:47]} {[%emt 00:00:16]} 14. Qd4 {[%clk 01:23:03]} {[%emt 00:00:43]}
f6 {[%clk 00:59:50]} {[%emt 00:00:29]} 15. b4 {[%clk 01:22:15]} {[%emt
00:01:18]} b6 {[%clk 00:53:00]} {[%emt 00:07:21]} 16. cxb6 {[%clk 01:20:28]}
{[%emt 00:02:15]} Nxb6 {[%clk 00:52:44]} {[%emt 00:00:47]} 17. Nd2 {[%clk
01:18:58]} {[%emt 00:01:57]} Rc8 {[%clk 00:50:37]} {[%emt 00:02:40]} 18. Rfc1
{[%clk 01:17:55]} {[%emt 00:01:31]} O-O {[%clk 00:47:20]} {[%emt 00:03:49]} 19.
a4 {[%clk 01:17:48]} {[%emt 00:00:37]} Rfd8 {[%clk 00:46:16]} {[%emt 00:01:34]}
20. Qg4 {[%clk 01:16:26]} {[%emt 00:01:51]} Re8 {[%clk 00:42:04]} {[%emt
00:04:43]} 21. a5 {[%clk 01:15:43]} {[%emt 00:01:13]} Nc4 {[%emt 00:03:06]} 22.
Nxc4 {[%clk 01:15:39]} Qxc4 {[%clk 00:39:41]} {[%emt 00:00:50]} 23. Qxc4 {[%clk
01:15:54]} {[%emt 00:00:15]} Rc6 {[%emt 00:00:19]} 24. Qc5 Rxc5 {[%clk
00:39:52]} 25. Ra2 {[%clk 01:15:51]} {[%emt 00:00:32]} Rc4 {[%clk 00:39:20]}
26. Rb2 {[%clk 01:15:00]} {[%emt 00:02:24]} Rb8 {[%clk 00:39:08]} 27. Kf1
{[%clk 01:14:55]} {[%emt 00:01:17]} Kf7 {[%clk 00:39:19]} 28. Ke2 {[%clk
01:15:12]} {[%emt 00:00:32]} Ke7 {[%clk 00:39:14]} 29. Rb3 {[%clk 01:15:11]}
{[%emt 00:01:07]} a6 {[%clk 00:37:53]} 30. Re1 {[%emt 00:02:29]} Kd6 31. Rh1
{[%clk 01:15:00]} h6 {[%clk 00:37:16]} {[%emt 00:01:09]} 32. Rh4 {[%clk
01:15:17]} {[%emt 00:00:12]} Rbc8 {[%clk 00:36:18]} {[%emt 00:01:29]} 33. Rxc4
{[%clk 01:15:03]} {[%emt 00:00:44]} Rxc4 {[%clk 00:36:32]} {[%emt 00:00:16]}
34. Kd3 {[%clk 01:14:39]} {[%emt 00:00:53]} Kc6 {[%clk 00:36:53]} {[%emt
00:00:11]} 35. Ra3 {[%clk 01:14:48]} {[%emt 00:00:20]} Kb5 {[%clk 00:34:08]}
{[%emt 00:03:15]} 36. Ra1 {[%clk 01:14:03]} {[%emt 00:01:14]} e5 {[%clk
00:32:09]} {[%emt 00:02:30]} 37. Ra3 {[%clk 01:13:35]} {[%emt 00:00:58]} f5
{[%clk 00:29:51]} {[%emt 00:02:48]} 38. f4 {[%clk 01:13:12]} {[%emt 00:00:51]}
e4 {[%clk 00:30:01]} {[%emt 00:00:22]} 39. Kc2 {[%clk 01:12:53]} {[%emt
00:00:45]} Rc6 {[%clk 00:30:16]} {[%emt 00:00:19]} 40. g4 {[%clk 01:11:56]}
{[%emt 00:01:27]} fxg4 {[%clk 00:30:32]} {[%emt 00:00:14]} 41. g3 {[%clk
01:12:03]} {[%emt 00:00:23]} Rf6 {[%clk 00:21:24]} {[%emt 00:09:38]} 42. Ra1
{[%clk 01:10:36]} {[%emt 00:01:55]} g5 {[%clk 00:16:11]} {[%emt 00:05:45]} 43.
Rd1 {[%clk 01:06:37]} {[%emt 00:04:27]} Rf5 {[%clk 00:16:17]} {[%emt 00:00:26]}
44. Rh1 {[%clk 01:06:09]} {[%emt 00:00:57]} Rf6 {[%clk 00:03:58]} {[%emt
00:12:52]} 45. Rh5 {[%clk 01:04:21]} {[%emt 00:02:15]} Rg6 {[%clk 00:02:43]}
{[%emt 00:01:47]} 46. Kb3 {[%clk 01:04:22]} {[%emt 00:00:29]} Kc6 {[%emt
00:01:49]} 47. c4 {[%clk 01:03:31]} {[%emt 00:01:19]} dxc4 {[%clk 00:01:38]}
{[%emt 00:00:18]} 48. Kxc4 {[%clk 01:03:50]} {[%emt 00:00:11]} gxf4 {[%clk
00:01:25]} {[%emt 00:00:42]} 49. exf4 {[%clk 01:03:51]} {[%emt 00:00:28]} Re6
{[%clk 00:00:40]} {[%emt 00:01:17]} 50. Re5 {[%clk 01:03:52]} {[%emt 00:00:29]}
Rf6 {[%clk 00:25:14]} {[%emt 00:06:25]} 51. Rxe4 {[%clk 01:34:54]} {[%emt
00:00:29]} h5 {[%clk 00:25:21]} {[%emt 00:00:23]} 52. Re5 {[%clk 01:31:09]}
{[%emt 00:04:15]} h4 {[%clk 00:25:03]} {[%emt 00:00:47]} 53. gxh4 {[%clk
01:31:01]} {[%emt 00:00:39]} Rxf4 {[%clk 00:25:25]} {[%emt 00:00:08]} 54. Kc3
{[%clk 01:30:36]} {[%emt 00:00:54]} g3 {[%clk 00:24:50]} {[%emt 00:01:06]} 55.
Rg5 {[%clk 01:30:22]} {[%emt 00:00:41]} Rxh4 {[%clk 00:23:40]} {[%emt
00:01:42]} 1/2-1/2